| 000 | 00759nam a2200217 a 4500 | ||
|---|---|---|---|
| 001 | 000025308 | ||
| 005 | 20200930023710.0 | ||
| 008 | 110214s1994 mx r 000 0 spa d | ||
| 020 | _a9681307275 | ||
| 040 |
_aDO-SdBNP _bspa _cBNPHU |
||
| 082 |
_axxxxx _bM978s |
||
| 100 | 1 |
_aMurphy, Joseph _951839 |
|
| 245 | 1 | 4 |
_aLas sorprendentes leyes de la fuerza del pensamiento cosmico / _cJoseph Murphy ; traducción José Antonio Elizalde. |
| 260 |
_aMéxico, D. F. : _bDiana, _c1994. |
||
| 300 |
_a192 p. ; _c21 cm. |
||
| 500 | _aEste ejemplar es la 23va reimpresión de la 1a edición. | ||
| 500 | _aIncluye notas al pie de las páginas. | ||
| 534 | _aThe amazing laws of cosmic mind power. | ||
| 700 | 1 |
_aElizalde, José Antonio, _etr. _951840 |
|
| 049 | _aBNGR | ||
| 999 |
_c24801 _d24801 |
||